000 01822nam0a22002531 4500
001 rc\4463276
005 20260407180627.0
021 _aRU
_b[64-91910]
035 _a(NLR Aleph) 008592240
090 _a8651011
_c8651011
100 _a20130416d1964 |||y0rusy50 ca
101 0 _arus
102 _aRU
105 _aa z |||||
200 1 _aТезисы докладов и сообщений, представленных на Всесоюзное научно-техническое совещание по высокопроизводительным методам сварки. 14-17 сентября 1964 г.
_fГос. ком. хим. и нефт. машиностроения при Госплане СССР. Ин-т электросварки им. Е.О. Патона АН УССР. Всесоюз. науч.-исслед. и проектный ин-т технологии хим. и нефт. аппаратостроения "ВПТИ химнефтеаппаратура". Совет нар. хозяйства Нижне-Волж. экон. адм. района. Волгогр. науч.-исслед. ин-т технологии машиностроения "ВНИИТМаш". Волгор. обл. правл. НТОМашпром
210 _aВолгоград
_cЦБТИ
_d1964
215 _a59 с.
_cсхем.
_d20
606 _aСварка
_jТезисы докладов
_2psbo
710 1 2 _aВсесоюзное научно-техническое совещание по высокопроизводительным методам сварки в химической и нефтяной промышленности
_f1964
_eВолгоград
_3RU\NLR\AUTH\8810115023
_9729326
801 0 _aRU
_bNLR
_gpsbo
801 1 _aRU
_bELAR
_2rusmarc
852 _aNLR
_j64-4/20115
942 _cBOOK
980 _aNB